The new negro /
Guardado en:
| Otros Autores: | , |
|---|---|
| Formato: | Desconocido |
| Lenguaje: | English |
| Publicado: |
New York :
Atheneum,
1992.
|
| Materias: | |
| Etiquetas: |
Agregar Etiqueta
Sin Etiquetas, Sea el primero en etiquetar este registro!
|
MARC
| LEADER | 000000000a22000000004500 | ||
|---|---|---|---|
| 001 | 013407 | ||
| 020 | |a 0689708211 | ||
| 041 | 0 | |a eng | |
| 082 | 0 | 4 | |a 810.989 |b N532n |
| 700 | 1 | |a Locke, Alain LeRoy, |d 1886-1954, |e editor | |
| 700 | 1 | |a Rampersad, Arnold, |e introducción | |
| 245 | 0 | 4 | |a The new negro / |c Alain LeRoy Locke, editor ; Arnold Rampersad, introducción. |
| 260 | 1 | |a New York : |b Atheneum, |c 1992. | |
| 300 | |a xxiii, 452 páginas : |b ilustraciones | ||
| 505 | |a Contenido: The new negro / Alain Locke -- The negro art in american literature / William Stanley Brait-waite -- Negro youth speaks / Alain Locke (fiction, poetry, drama, music) -- American negro folk literature / Arthur Huff Fauset -- The legacy of the ancestral arts / Alain Locke -- The negro pioneers / Paul U. Kellogg -- The negro's americanism / Melville J. Herskovits -- The negro mind reaches out / W.E.B. DuBois | ||
| 650 | 4 | |a AUTORES AFROAMERICANOS | |
| 650 | 4 | |a HISTORIA | |
| 650 | 4 | |a CRITICA | |
| 650 | 4 | |a COLECCIONES LITERARIAS | |
| 650 | 4 | |a AFROAMERICANOS EN LA LITERATURA | |
| 500 | |a Colección George Yúdice | ||
| 999 | |c 19331 |d 19331 | ||
| 942 | |c BK |h 810.989 N532n |2 z | ||



